000 00733cam a2200253Ia 4500
008
020 _a0901223905 (pbk.)
049 _aMAIN
090 _aTK871.85
100 1 _aDavis, Rex M.
245 1 0 _aPower diode and thyristor circuits /
_cRex M. Davis.
260 _aLondon :
_bPeter Peregrinus,
_c1979.
300 _axiv, 272 p. :ill. ;
_c22 cm.
440 _aIEE monograph series ;
_v7
504 _aIncludes bibliographical references.
500 _aIncludes index.
650 0 _aElectric current rectifiers.
650 0 _aThyristors.
907 _a.b10007635
_b13-10-05
_c17-04-03
003
005 20230123133643.0
040 _cNUST
942 _cBOOKS
_kTK871.85
999 _c152330
_d152330